000 00754nam a2200229 a 4500
999 _c4579
_d4579
001 4579
003 BD-JhCC
005 20171128184636.0
008 171128s20092010bg ||||| |||| 000 0 ben d
020 _a9789842000959
035 _a(BD-JhCC)4579
040 _aBD-JhCC
_dBD-JhCC
041 _aben
082 _a954.92
_bHOS 2009
100 _aহোসেন, জয়নাল
245 _aরাজা ভাওয়াল সন্ন্যাস ও ভাওয়াল পরগনা /
_cজয়নাল হোসেন
260 _aঢাকা :
_bঅ্যাডর্ন পাবলিকেশন,
_c2009.
300 _a256 p. :
_c22 cm
650 _aInheritance and Succession
_zBangladesh
942 _2ddc
_cBK